000 006280000a22002290004500
041 0 _aEspañol
090 _aMM
_b00064
245 1 0 _aBolsa Amazonia
_snegócios sustentáveis no século XXI
044 _aBrasil
300 _a22 min.
_bVHS
041 0 _aEspañol
500 _a<Colección Biocomercio>
650 1 4 _aUso sostenible
_9344
650 1 4 _aDesarrollo sostenible
_9278
650 1 4 _aAgroindustria
_91890
650 1 4 _aFibras naturales
_93386
650 1 4 _aBiocomercio
_992419
651 4 _dAmazonas
_pBrasil
_992749
110 1 _aBolsa Amazonia
_94541
260 _aBelem
_bBolsa Amazonia
_c2000
942 _cCD-ROM
999 _c16482
_d16482